Central Library OPAC University of Rajshahi

Oilseeds in Bangladesh / (Record no. 31831)

MARC details
000 -LEADER
fixed length control field 00712nam a22002177a 4500
001 - CONTROL NUMBER
control field 31831
003 - CONTROL NUMBER IDENTIFIER
rucl marc code BD-RjUL
005 - DATE AND TIME OF LATEST TRANSACTION
control field 20211209051744.0
008 - FIXED-LENGTH DATA ELEMENTS--GENERAL INFORMATION
fixed length control field 140422s1986 bg ||||| |||| 00| 0 eng d
035 ## - SYSTEM CONTROL NUMBER
System control number (BD-RjUL)31919
040 ## - CATALOGING SOURCE
Original cataloging agency BD-RjUL
Language of cataloging eng
Transcribing agency BD-RjUL
041 ## - LANGUAGE CODE
Language code of text/sound track or separate title eng
082 ## - DEWEY DECIMAL CLASSIFICATION NUMBER
Edition number 19
Classification number 633.85095492
Author mark and year KAO 1986
100 ## - MAIN ENTRY--PERSONAL NAME
Personal name Kaul, A. K.
9 (RLIN) 96897
245 ## - TITLE STATEMENT
Title Oilseeds in Bangladesh /
Statement of responsibility, etc. A. K. Kaul & M. L. Das
260 ## - PUBLICATION, DISTRIBUTION, ETC. (IMPRINT)
Place of publication, distribution, etc. Dhaka :
Name of publisher, distributor, etc. Bangladesh-Canada Agriculture Sector Team, Ministry of Agriculture Government of the peoples' Republic of Bangladesh,
Date of publication, distribution, etc. 1986.
300 ## - PHYSICAL DESCRIPTION
Pagination 323p. :
Illustrations ill. ;
Size 24cm.
650 ## - SUBJECT ADDED ENTRY--TOPICAL TERM
Topical term or geographic name as entry element Oilseed plants
Geographic subdivision Bangladesh
9 (RLIN) 96898
700 ## - ADDED ENTRY--PERSONAL NAME
Personal name Das, M. L.
942 ## - ADDED ENTRY ELEMENTS (KOHA)
Source of classification or shelving scheme Dewey Decimal Classification
Koha item type Books
Holdings
Lost status Source of classification or shelving scheme Damaged status Not for loan Permanent Location Current Location Shelving location Date acquired Source of acquisition Cost, normal purchase price Total Checkouts Full call number Date last seen Copy number Koha item type Collection code
  Dewey Decimal Classification   Not For Loan Central Library, University of Rajshahi Central Library, University of Rajshahi Reading Room 12/04/1987 Ministry of Agriculture Dhaka 0.00   633.85095492 KAO 1986 22/04/2014 C-1 Books  
  Dewey Decimal Classification     Central Library, University of Rajshahi Central Library, University of Rajshahi   12/04/1987       633.85095492 KAO 1986 25/10/2016 C-2 Books Non-fiction
  Dewey Decimal Classification     Central Library, University of Rajshahi Central Library, University of Rajshahi   12/04/1987 Minton, Agrri Inf.     633.85095492 KAO 1986 15/11/2016 C-3 Books Non-fiction